The notion of secularization: drawing the boundaries of its contemporary scientific validity /

Na minha lista:
Detalhes bibliográficos
Autor principal: Pérez-Agote, Alfonso
Formato: Texto
Tags: Adicionar Tag
Sem tags, seja o primeiro a adicionar uma tag!

MARC

LEADER 00000 a a2200000 04500
001 47237
003
040
100 |a Pérez-Agote, Alfonso  
245 |a The notion of secularization:   |b drawing the boundaries of its contemporary scientific validity /  |c Alfonso Pérez-Agote  
773 |g volumen62, número6, (2014), páginas 886-904  
999 |c 23852  |d 23852